El cuerpo humano /

Guardado en:
Autor Principal: Nourse, Alan E.
Formato: Libro
Publicado: México : Life, 1965
Materias:
Etiquetas: Agregar Etiqueta
Sin Etiquetas, Sea el primero en etiquetar este registro!
LEADER 00820nam a22002175a 4500
001 CEM.cems004691
005 20060217000000.0
008 130507s1965##################000#0#####d
003 CEMS
082 0 4 |a 612 
100 1 |a Nourse, Alan E. 
245 1 0 |a El cuerpo humano / 
260 |a México :  |b Life,  |c 1965 
300 |a 200 p. 
505 0 |a Proceso de crecimiento.-Los dos primeros meses de gestaci¢n: divisi¢n celular; embri¢n; cromosomas.-Desarrollo del feto hasta el nacimiento. -Etapas de crecimiento: ni¤ez, adolescencia.-Genes, hormonas y medio ambiente.-Fallos del desarrollo. 
653 |a Anatomia 
653 |a Fisiologia humana 
653 |a Hombre-sistema digestivo 
653 |a Hombre-sistema inmunologico 
653 |a Hombre-sistema nervioso 
859 |a CEMS  |b BIB. CEMS - 11 de abril  |h 612  |i N855  |p 2945.74  |t Ej.1